Overenie funkčnosti prírode blízkeho typu rybovodu

Salvato in:
Dettagli Bibliografici
Autore principale: Vidová, Alexandra (Autore)
Altri autori: Čubanová, Lea (Relatore della tesi)
Natura: Manoscritto Libro
Lingua:slovacco
Pubblicazione: 2023
Soggetti:
Accesso online:http://is.stuba.sk/zp/portal_zp.pl?podrobnosti=171507
https://opac.crzp.sk/?fn=detailBiblioForm&sid=C0DEB8E07572332BAB240215805F
Tags: Aggiungi Tag
Nessun Tag, puoi essere il primo ad aggiungerne!!

MARC

LEADER 00000ntm a22000003a 4500
001 stuzp94511
003 SK-STU
005 20230925093657.0
007 ta
008 150427s2015----xo-----f-mn---000-0-slo-d
040 |a STU  |b slo 
041 0 |a slo 
100 1 |a Vidová, Alexandra  |u 010170  |k Z3  |4 aut  |U SvF Stavebná fakulta  |T SvF Katedra hydrotechniky  |X 98131  |U V170  |Y 17  |7 98131 
242 0 1 |a Verification of the functionality of the nature-like fish pass  |y eng 
245 1 0 |a Overenie funkčnosti prírode blízkeho typu rybovodu 
260 |c 2023 
650 4 |a HEC-RAS  |2 slo 
650 4 |a rýchlosť vody  |2 slo 
650 4 |a hĺbka vody  |2 slo 
650 4 |a prírode blízky rybí priechod  |2 slo 
650 4 |a 2-D model  |2 slo 
650 4 |a rybovod  |2 slo 
650 4 |a Manningov súčiniteľ drsnosti  |2 slo 
650 4 |a nature-like fish pass  |2 eng 
650 4 |a 2-D model  |2 eng 
650 4 |a fish pass  |2 eng 
650 4 |a HEC-RAS  |2 eng 
650 4 |a water velocity  |2 eng 
650 4 |a water depth  |2 eng 
650 4 |a Manning's roughness coefficient  |2 eng 
700 1 |a Čubanová, Lea  |u 010170  |k Z1  |4 ths  |U SvF Stavebná fakulta  |T SvF Katedra hydrotechniky  |X 38291  |U V170  |Y 17  |7 A000038291 
856 4 |u http://is.stuba.sk/zp/portal_zp.pl?podrobnosti=171507 
856 4 |u https://opac.crzp.sk/?fn=detailBiblioForm&sid=C0DEB8E07572332BAB240215805F